=LDR 00000nam 2200000 4500 =001 INLIS000000000036049 =005 20130612141844 =008 ***********************************Ind** =035 ##$$0010-061300000036049 =041 ##$$a Ind =082 ##$$a 822 =090 ##$$a 822.sha =100 ##$$a William Shakspeare =245 ##$$a Henry IV Part II =260 ##$$a 1994 $b wodsworth editions limited =300 ##$$a 130 hlm, 15 cm =850 ##$$a NBPNMAT